Akupunktur - Analgesie

Bibliographic Details
Main Authors: Palát, Miroslav, 1927-2014 (Author), Nguyen Van Nghi (Author), Mai Van Dong (Author), Lanza, Ulderico (Author)
Format: Article
Language:Slovak
Subjects:

MARC

LEADER 00000nab a2200000 a 4500
001 vtls000040317
003 SK-MaSNL
005 20260304175602.0
008 250422c1979 xo 0 slo
015 |a SNBRB19rr/mm-uuuuu 
035 |a CL0050412 
035 |a urn:nbn:sk:snk-ab7eqo 
035 |a (urnnbn)urn:nbn:sk:snk:ar-005c6s 
035 |a (uuid)78d1e784-74c2-4158-9500-b4e9ae577ccc 
040 |a SNKBUCL  |b slo  |c SNKBUCL  |e AACR2 
041 0 |a slo 
044 |a xo  |c SK 
080 |a 615.8  |2 1981 
100 1 |a Palát, Miroslav,  |d 1927-2014  |4 aut  |9 203087 
245 1 0 |a Akupunktur - Analgesie  |c M. Palát ; Nguen Van Nghi, Mai Van Dong, Ulderico Lanza 
650 0 7 |a akupunktúra  |2 SNKPH  |9 2623 
650 0 7 |a analgézia  |2 SNKPH  |9 14351 
655 7 |a články z novín a časopisov  |2 SNK  |9 267496 
700 1 |a Nguyen Van Nghi  |4 aut  |9 1321861 
700 1 |a Mai Van Dong  |4 aut  |9 1508133 
700 1 |a Lanza, Ulderico  |4 aut  |9 1508134 
773 0 |t Rehabilitácia  |g Roč. 12, č. 2 (1979), s. 121 
787 0 8 |i Rec.:  |a Nguyen Van Nghi  |t Akupunktur - Analgesie  |d Uelzen : Medzinisch - Literarische Verlagsgesellschaft, 1978 
850 |a Slovenská národná knižnica 
852 |a Slovenská národná knižnica 
954 |a odborná, vedecká literatúra pôvodná (slovenská)  |2 lita 
958 |a article7 
958 |a RK 
958 |a MI 
958 |a OND 
958 |a EUIPO 
992 |a RBX 
999 |c 3014297  |d 3016227